LIBRARY & INFORMATION CENTRE, KCAET, TAVANUR

ONLINE PUBLIC ACCESS CATALOGUE (OPAC)

Fermentation technology (Record no. 13985)

MARC details
000 -LEADER
fixed length control field 00282nam a22001217a 4500
020 ## - INTERNATIONAL STANDARD BOOK NUMBER
ISBN 9788188826391
082 ## - DEWEY DECIMAL CLASSIFICATION NUMBER
Classification number 664.024
Item number SIN/FE
100 ## - MAIN ENTRY--AUTHOR NAME
Personal name Singh, Tanuja
245 ## - TITLE STATEMENT
Title Fermentation technology
260 ## - PUBLICATION, DISTRIBUTION, ETC. (IMPRINT)
Place of publication Jodhpur
Name of publisher Student edition
Year of publication 2011
700 ## - ADDED ENTRY--PERSONAL NAME
Personal name Purohit, S.P
942 ## - ADDED ENTRY ELEMENTS (KOHA)
Koha item type Books
Holdings
Withdrawn status Lost status Damaged status Collection code Home library Current library Shelving location Date acquired Source of acquisition Cost, normal purchase price Full call number Accession Number Koha item type
      Non-fiction KAUAET KAUAET General Stacks 30/03/2013 Neoti Book Agency 300.00 664.024 SIN/FE 23881 Books
free website counter